|
|
|
|
| LEADER |
00000nab a2200000uu 4500 |
| 001 |
vtls010876030 |
| 003 |
SK-MaSNL |
| 005 |
20260303163057.0 |
| 008 |
230303|1965 xo |||||||||||||||||slo| |
| 015 |
|
|
|a SNBRB
|
| 035 |
|
|
|a (urnnbn)urn:nbn:sk:snk:ar-0061mu
|
| 035 |
|
|
|a (uuid)97d84701-02cb-4e47-a5a6-b08083e052d7
|
| 035 |
|
|
|a urn:nbn:sk:snk-ab7prf
|
| 040 |
|
|
|a SNKBUCL
|b slo
|c SNKBUCL
|e AACR2
|
| 041 |
0 |
|
|a slo
|
| 044 |
|
|
|a xo
|c SK
|
| 100 |
1 |
|
|a Pastorek, I.
|4 aut
|9 1126611
|
| 245 |
1 |
0 |
|a Syntéza a biologické vlastnosti niektorých organofosforových zlúčenín
|c I. Pastorek, J. Drábek, Š. Truchlík
|
| 700 |
1 |
|
|a Drábek, J.
|4 aut
|9 898257
|
| 700 |
1 |
|
|a Truchlík, Š.
|4 aut
|9 933419
|
| 773 |
0 |
|
|t Chemické zvesti
|g Roč. 19, č. 5 (1965), s. 413-419
|
| 958 |
|
|
|a OND
|
| 958 |
|
|
|a EUIPO
|
| 958 |
|
|
|a article8
|
| 999 |
|
|
|c 2058737
|d 2060667
|